000 00392nam a2200145Ia 4500
008 240729s9999 xx 000 0 und d
022 _a1658-7774
245 0 _aInternational Journal of Health Sciences
260 _aSaudi Arabia
260 _bQassim University
650 _aMedicine
856 _uhttps://doaj.org/toc/48c4c2acd6684c2db70e61a7aa939bcc
942 _2ddc
942 _cDOAJEJ
999 _c70966
_d70966
945 _a1
_bMadushi Gamage
_c1
_dMadushi Gamage